"Introduction to Languages And The Theory of Computation," (Record no. 37892)

MARC details
000 -LEADER
fixed length control field 00431nam a2200169Ia 4500
008 - FIXED-LENGTH DATA ELEMENTS--GENERAL INFORMATION
fixed length control field 230524s9999 xx 000 0 und d
020 ## - INTERNATIONAL STANDARD BOOK NUMBER
ISBN 9780070660489
082 ## - DEWEY DECIMAL CLASSIFICATION NUMBER
Classification number 5.133
Item number NAR
100 ## - MAIN ENTRY--AUTHOR NAME
Personal name John C Martin
245 #0 - TITLE STATEMENT
Title "Introduction to Languages And The Theory of Computation,"
250 ## - EDITION STATEMENT
Edition statement 3RD
260 ## - PUBLICATION, DISTRIBUTION, ETC. (IMPRINT)
Place of publication NEW DELHI
Name of publisher TMH
Year of publication 2008
300 ## - PHYSICAL DESCRIPTION
Number of Pages VII;535
500 ## - GENERAL NOTE
General note Quantity Number: 10
650 ## - SUBJECT ADDED ENTRY--TOPICAL TERM
Topical Term Comp-Sc
942 ## - ADDED ENTRY ELEMENTS (KOHA)
Koha item type Books
Holdings
Lost status Damaged status Permanent Location Current Location Shelving location Date acquired Full call number Accession Number Koha item type
    Central Library, Trident Academy of Technology Central Library, Trident Academy of Technology General Stacks 05/24/2023 005.133 NAR 20133 Books
    Central Library, Trident Academy of Technology Central Library, Trident Academy of Technology General Stacks 05/24/2023 005.133 NAR 20134 Books
    Central Library, Trident Academy of Technology Central Library, Trident Academy of Technology General Stacks 05/24/2023 005.133 NAR 20135 Books
    Central Library, Trident Academy of Technology Central Library, Trident Academy of Technology General Stacks 05/24/2023 005.133 NAR 20214 Books
    Central Library, Trident Academy of Technology Central Library, Trident Academy of Technology General Stacks 05/24/2023 005.133 NAR 20215 Books
    Central Library, Trident Academy of Technology Central Library, Trident Academy of Technology General Stacks 05/24/2023 005.133 NAR 20216 Books
    Central Library, Trident Academy of Technology Central Library, Trident Academy of Technology General Stacks 05/24/2023 005.133 NAR 20217 Books
    Central Library, Trident Academy of Technology Central Library, Trident Academy of Technology General Stacks 05/24/2023 005.133 NAR 20218 Books
    Central Library, Trident Academy of Technology Central Library, Trident Academy of Technology General Stacks 05/24/2023 005.133 NAR 20219 Books
    Central Library, Trident Academy of Technology Central Library, Trident Academy of Technology General Stacks 05/24/2023 005.133 NAR 20220 Books
Trident Academy of Technology © 2023.
All rights reserved.                                                                                                                                                                                                        Designed by Team of Central Library .

Powered by Koha